000 01500nam0a2200337 4500
001 RU\NLR\bibl\496392
005 20260405061644.0
010 _a5-88081-344-4
_9500
021 _aRU
_b2003-67622
_93335
035 _a(NLR Aleph) 000489017
090 _a1101622
_c1101622
100 _a20040303d2003 |||y0rusy50 ca
101 0 _arus
102 _aRU
105 _ay |||||||||
200 1 _aОчерки современной историографии истории России с древнейших времен до начала XX века
_fЕ.Б. Заболотный, В.Д. Камынин, И.Г. Шишкин
210 _aТюмень
_cИзд-во Тюм. гос. ун-та
_d2003
215 _a386 с.
_d22
320 _aБиблиогр. в конце очерков
607 _aСССР
_xИстория
_xИсториография
_91667562
_3RU\NLR\auth\661038122
607 _aРоссия
_xИстория
_xИсториография
_92083334
_3RU\NLR\auth\661259385
686 _aТ3(2)г
700 1 _aЗаболотный
_bЕ. Б.
_gЕвгений Борисович
_4070
701 1 _4070
_7ca
_8rus
_aКамынин
_bВ. Д.
_f1950-
_gВладимир Дмитриевич
_93707
_3RU\NLR\auth\7720640
701 1 _4070
_7ca
_8rus
_aШишкин
_bИ. Г.
_cисторик
_gИгорь Геннадьевич
_92684
_3RU\NLR\auth\7719612
801 0 _aRU
_bNLR
_c20040303
_gPSBO
801 1 _aRU
_bNLR
_c20040303
942 _cBOOK
980 _aNB
980 _aNBR